| 000 | 00342 a2200145 4500 | ||
|---|---|---|---|
| 001 | 155100 | ||
| 040 | _cEscola São Tomás de Aquino | ||
| 100 | _aANDERSON, Neil J. | ||
| 240 | 1 | 0 |
_aActive skills for reading 4 _lpor |
| 245 | 1 | 0 | _aActive skills for reading 4 |
| 300 | _a234 | ||
| 362 | 0 | _a2003 | |
| 697 | _aLíngua inglesa | ||
| 942 | _cBK | ||
| 999 |
_c155100 _d155100 |
||